000 00886nam a22002537a 4500
003 DO-SdBNP
005 20220610113826.0
008 1606271992 ck||||| |||| 00| 0 spa d
020 _a9580209340
040 _aBPMSU
_bspa
_cBPMSU
082 _aR796.03
_bE56i 1992
_222
245 0 0 _aReglas de juego :
_benciclopedia ilustrada del deporte /
_ctraducción José María Gaitán ... [et al.].
246 1 4 _5Enciclopedia ilustrada del deporte :
_bMás 150 deportes
260 _aSanta Fe de Bogotá :
_bEditorial Voluntad,
_c1992
300 _a2v. :
_bil. :
_c32 cm
500 _3Más de 150 deportes.
534 _aTítulo original.
_tRules of the game.
590 _6Inventariado, 2022/VM
650 _aDeportes
_vEnciclopedias.
700 1 _aGalitán, José María,
_etraductor
700 1 _aGarcía de Tedeschi, Pilar,
_etraductor
910 _aVMateo V.
942 _2ddc
_cBK
999 _c10599
_d10599